ARRUPE JESUIT UNIVERSITY

CORONAVIRUS -STOP THE SPREAD - CLEAN,DISINFECT,COVER

Can dry bones live again? / (Record no. 118335)

MARC details
000 -LEADER
fixed length control field 00674cam a22002297a 4500
001 - CONTROL NUMBER
control field 16848134
003 - CONTROL NUMBER IDENTIFIER
control field ARRUPE
005 - DATE AND TIME OF LATEST TRANSACTION
control field 20131011133952.0
008 - FIXED-LENGTH DATA ELEMENTS--GENERAL INFORMATION
fixed length control field 110629s2011 za a 000 p eng
010 ## - LIBRARY OF CONGRESS CONTROL NUMBER
LC control number 2011343305
020 ## - INTERNATIONAL STANDARD BOOK NUMBER
International Standard Book Number 9789982223201
040 ## - CATALOGING SOURCE
Original cataloging agency DLC
Transcribing agency DLC
042 ## - AUTHENTICATION CODE
Authentication code lcode
050 00 - LIBRARY OF CONGRESS CALL NUMBER
Classification number PR9405.N7
Item number C3 2011
300 ## - PHYSICAL DESCRIPTION
Other physical details ill. ;
Dimensions 19 cm.
100 1# - MAIN ENTRY--PERSONAL NAME
Personal name Chisha, Ntalasha.
9 (RLIN) 2475
245 10 - TITLE STATEMENT
Title Can dry bones live again? /
Statement of responsibility, etc by Chisha Ntalasha.
260 ## - PUBLICATION, DISTRIBUTION, ETC. (IMPRINT)
Place of publication, distribution, etc Lusaka :
Name of publisher, distributor, etc Ingenious Drama Alliance,
Date of publication, distribution, etc c 2011.
300 ## - PHYSICAL DESCRIPTION
Extent 40 p. :
906 ## - LOCAL DATA ELEMENT F, LDF (RLIN)
a 7
b cbc
c origode
d 4
e ncip
f 20
g y-gencatlg
942 ## - ADDED ENTRY ELEMENTS (KOHA)
Source of classification or shelving scheme Library of Congress Classification
Koha item type Monograph ( Printed materials)
Holdings
Withdrawn status Lost status Source of classification or shelving scheme Damaged status Not for loan Collection code Home library Current library Shelving location Date acquired Total Checkouts Full call number Barcode Date last seen Price effective from Koha item type
    Library of Congress Classification     Main Collection ARRUPE LIBRARY ARRUPE LIBRARY Main Collection 11/10/2013   PR9405.N7 C3 2011 46410768 07/05/2026 11/10/2013 Monograph ( Printed materials)

 

Arrupe Library. PO Box MP320 Mt Pleasant, Harare, Zimbabwe
263 242 745411|librarian@aju.ac.zw